期刊信息 |
| 索取号 |
R6/SCNA
|
| 题名 |
The Surgical clinics of North America.
|
| 作者 |
James M. Becker,MD,guest editor
|
| 分册号 |
|
| 分册名 |
|
| 出版地 |
Philadelphia
|
| 出版者 |
W.B. Saunders
|
| 标准刊号 |
0039-6109
|
| 出版频率 |
月刊
|
| 中图法分类 |
R6
|
| 主题词 |
外科学
|
| 电子资源 | |
| |
|
| 000 | 00521nas0 2200205 45 | |
| 001 | 0761266359 | |
| 005 | 20070524171503.25 | |
| 011 | @a0039-6109 | |
| 100 | @a20070524d km y0chiy0120 ea | |
| 101 | 0 | @aeng |
| 200 | 1 | @aThe Surgical clinics of North America.@fJames M. Becker,MD,guest editor |
| 210 | @aPhiladelphia@cW.B. Saunders | |
| 326 | @a月刊 | |
| 606 | 0 | @a外科学 |
| 690 | @aR6@v4 | |
| 701 | 0 | @aJames M. Becker |
| 701 | 0 | @aMD |
| 701 | 0 | @aguest editor |
| 801 | 0 | @aCN@bPFT@c20070524 |
| 905 | @aTJWY@dR6@eSCNA | |
| The Surgical clinics of North America./James M. Becker,MD,guest editor.-Philadelphia:W.B. Saunders |
| ISSN 0039-6109 |
| ● |
| 相关链接: |
|
|
|
|